000 nam a22 7a 4500
999 _c47194
_d47194
003 OSt
005 20190506132823.0
008 190506b xxu||||| |||| 00| 0 eng d
040 _cIIMT COLLEGE OF ENGINEERING,GREATER NOIDA
100 _aSINGHAL,B.L.
245 _aI.C.ENGINES AND COMPRESSORS
260 _aNEW DELHI
_bTECHMAX
_c2013
300 _a790
942 _2ddc
_c02